Air raid : (Record no. 552554)
[ view plain ]
| 000 -LEADER | |
|---|---|
| fixed length control field | 00737cam a22001811 4500 |
| 082 ## - DEWEY DECIMAL CLASSIFICATION NUMBER | |
| Classification number | 358.42 |
| Author Mark | LAN |
| -- | D |
| 100 1# - MAIN ENTRY--PERSONAL NAME | |
| Personal name | Langdon-Davies, John, |
| 9 (RLIN) | 49066 |
| 245 10 - TITLE STATEMENT | |
| Title | Air raid : |
| Remainder of title | the technique of silent approach, high explosive panic / |
| Statement of responsibility, etc. | by John Langdon-Davies. |
| 260 ## - PUBLICATION, DISTRIBUTION, ETC. | |
| Place of publication, distribution, etc. | London : |
| Name of publisher, distributor, etc. | G. Routledge & sons, ltd., |
| Date of publication, distribution, etc. | 1938. |
| 300 ## - PHYSICAL DESCRIPTION | |
| Extent | 142 p. : |
| Other physical details | illus., xxxii pl. on 16 l. ; |
| Dimensions | 19 cm. |
| 500 ## - GENERAL NOTE | |
| General note | A study of lessons to be learned from the Italo-German manoeuvers over Barcelona in March, 1938. |
| 526 ## - STUDY PROGRAM INFORMATION NOTE | |
| Program name | 0 |
| Interest level | 0 |
| Reading level | 0 |
| Title point value | 358_420000000000000_LAN |
| 650 #0 - SUBJECT ADDED ENTRY--TOPICAL TERM | |
| Topical term or geographic name entry element | Aeronautics, Military |
| Geographic subdivision | Great Britain. |
| 9 (RLIN) | 49085 |
| 650 #0 - SUBJECT ADDED ENTRY--TOPICAL TERM | |
| Topical term or geographic name entry element | Aeronautics, Military |
| Geographic subdivision | Spain. |
| 9 (RLIN) | 49786 |
| 650 #0 - SUBJECT ADDED ENTRY--TOPICAL TERM | |
| Topical term or geographic name entry element | Aeronautics, Military. |
| 9 (RLIN) | 49493 |
| 650 #0 - SUBJECT ADDED ENTRY--TOPICAL TERM | |
| Topical term or geographic name entry element | MCE |
| 9 (RLIN) | 379 |
| 942 ## - ADDED ENTRY ELEMENTS (KOHA) | |
| Source of classification or shelving scheme | |
| Koha item type | Book |
| Withdrawn status | Lost status | Source of classification or shelving scheme | Damaged status | Not for loan | Permanent Location | Current Location | Shelving location | Date acquired | Total Checkouts | Full call number | Barcode | Date last seen | Price effective from | Koha item type |
|---|---|---|---|---|---|---|---|---|---|---|---|---|---|---|
| Military College of Engineering (MCE) | Military College of Engineering (MCE) | 01/19/2015 | 358.42 LAN | MCE-ECA/69 | 01/19/2015 | 01/19/2015 | Book |
